000 00705nam a2200217Ia 4500
001 8087
003 GE_BSU
008 181216s||||||||xx |||||||||||||| ||und||
040 _cGE_BSU
080 _a543.062(075.8)
100 _aКрешков,А.П.
245 _aОсновы аналитической химии. Теоретические основы; Количественный анализ. Книга вторая.
245 _cРед. Л.Н.Овсянникова.
250 _aИзд 4-ое, перераб.
260 _aМ.
260 _bХимия.
260 _c1976.
300 _a480стр.27см.
653 _aОсновы аналитической химии.
942 _cBK
999 _c41425
_d41425